Statistics for Best Selling Liquor Brands Quiz

Click here to take the quiz!

General Stats

  • This quiz has been taken 119 times
  • The average score is 9 of 30

Answer Stats

#BrandTypeEst. SalesHome Country% Correct
4Jack Daniel'sWhiskey$ 2.7 BillionUnited States
81%
2SmirnoffVodka$ 3.4 BillionRussia
72%
7Captain MorganRum$ 1.8 BillionJamaica
63%
9Grey GooseVodka$ 1.5 BillionFrance
63%
14Jim BeamWhiskey$ 1.2 BillionUnited States
55%
5BacardiRum$ 2.45 BillionBermuda
51%
1Johnnie WalkerWhiskey$ 5.3 BillionUnited Kingdom
51%
6AbsolutVodka$ 2.3 BillionSweden
49%
3HennessyCognac$ 3.1 BillionFrance
49%
20JamesonWhiskey$ 1 BillionIreland
45%
12BaileysLiqueur$ 1.4 BillionIreland
43%
10Crown RoyalWhiskey$ 1.5 BillionCanada
35%
13PatrónTequila$ 1.3 BillionMexico
33%
15JägermeisterLiqueur$ 1.2 BillionGermany
31%
25FireballLiqueur$ 770 MillionCanada
20%
21CÎROCVodka$ 950 MillionFrance
17%
29FinlandiaVodka$ 600 MillionFinland
17%
18Rémy MartinCognac$ 1 BillionFrance
16%
27SKYYVodka$ 700 MillionUnited States
16%
30Ketel OneVodka$ 600 MillionNetherlands
15%
28Russian StandardVodka$ 700 MillionRussia
15%
17Grant'sWhiskey$ 1 BillionUnited Kingdom
8%
22The Famous GrouseWhiskey$ 900 MillionUnited Kingdom
8%
11Ballantine'sWhiskey$ 1.4 BillionUnited Kingdom
7%
8Chivas RegalWhiskey$ 1.7 BillionUnited Kingdom
7%
24J&BWhiskey$ 800 MillionUnited Kingdom
5%
23MartellCognac$ 900 MillionFrance
5%
16Fernet-BrancaLiqueur$ 1.1 BillionItaly
4%
26RicardLiqueur$ 750 MillionFrance
4%
19Cuervo JoseTequila$ 1 BillionMexico
3%

Score Distribution

Percentile by Number Answered

Percent of People with Each Score

Your Score History

You have not taken this quiz